00337 a2200109 4500001001000000005001700010008004100027245006300068100001800131773006100149999001700210ART_5362820260410161946.0260409a 10aEl descanso dominical y los problemas del poder político1 aDuarte, David0 tTemas de derecho laboralg- N° 10 (oct. 2021)wREV27619 c29968d29968